[Event "Zlin Region-chT 2324"]
[Site "Czech Republic"]
[Date "2023.11.12"]
[Round "2.8"]
[White "Petr, Zdenek"]
[Black "Jablecnik, Gustav"]
[Result "1/2-1/2"]
[WhiteElo "1702"]
[BlackElo "1943"]
[PlyCount "35"]
[EventDate "2023.10.22"]
[EventType "team-tourn"]
[EventRounds "11"]
[EventCountry "CZE"]
[SourceTitle "EXT 2025"]
[Source "ChessBase"]
[SourceDate "2024.10.14"]
[SourceVersion "1"]
[SourceVersionDate "2024.10.14"]
[SourceQuality "1"]
[WhiteTeam "Holesov"]
[BlackTeam "Kromeriz Slavia III"]
[WhiteTeamCountry "CZE"]
[BlackTeamCountry "CZE"]

1. Nf3 Nc6 2. b3 Nf6 3. Bb2 d5 4. e3 Bg4 5. Be2 e6 6. 0-0 Bd6 7. c4 Ne7 8. Nd4 Bxe2 9. Nxe2 c6 10. Nbc3 Ng6 11. f4 Qc7 12. cxd5 exd5 13. Rc1 a6 14. Nd4 Ne7 15. Nf3 0-0 16. Ne2 Nd7 17. Ng3 Rfe8 18. Ng5 1/2-1/2